Homonna M. kir. áll. kosárfonó iskola

Zobrazenie: Pohľad na ulicu, ktorú po ľavej strane lemuje rad domov a po pravej jarok, v ktorom sú traja muži a ktorý je sprava lemovaný latkovým plotom, nad ktorým sa čnejú koruny stromov. Na budove v popredí vľavo je pod strechou nápis. Pred vchodom do budovy je skupinka mužov a v popredí vľavo sú...

Full description

Bibliographic Details
Format: Postcard
Language:Hungarian
PhysicalDescription:1 pohľadnica tónovaná do modra 9 x 14 cm
Published: [Humenné] Hommona és vidéke fogy. és ért. szövetkezet kiadása [1919?]
Subjects:

MARC

LEADER 00000nkm a2200000 a 4500
001 vtls012011906
003 SK-MaSNL
005 20260512123252.0
007 kp ao
008 230706q1919 xo g 0kuhun
015 |a SNBG1919 
035 |a urn:nbn:sk:snk-km00fan3 
035 |a urn:nbn:sk:snk-km45t4j 
035 |a 92719A65-99A3-4BBC-847D-E353753FA6C1 
040 |a SNK  |b slo  |c SNK  |e AACR2 
041 0 |a hun 
043 |a e-xo--- 
044 |a xo  |c SK 
072 7 |a 913  |x Regionálna geografia  |2 konspekt 
080 |a (084.121)  |2 2011 
080 |a 913(437.6)  |2 2011 
080 |a 721  |2 2011 
080 |a 711.73  |2 2011 
080 |a 373/378  |2 2011 
245 0 0 |a Homonna  |h grafika  |b M. kir. áll. kosárfonó iskola 
260 |a [Humenné]  |b Hommona és vidéke fogy. és ért. szövetkezet kiadása  |c [1919?] 
300 |a 1 pohľadnica  |b tónovaná do modra  |c 9 x 14 cm 
500 |a Názvové údaje prevzaté z obrazovej časti dokumentu 
520 8 |a Zobrazenie: Pohľad na ulicu, ktorú po ľavej strane lemuje rad domov a po pravej jarok, v ktorom sú traja muži a ktorý je sprava lemovaný latkovým plotom, nad ktorým sa čnejú koruny stromov. Na budove v popredí vľavo je pod strechou nápis. Pred vchodom do budovy je skupinka mužov a v popredí vľavo sú na chodníku tri deti. Pred radom domov je na ceste rad stĺpov elektrického vedenia. Na ceste vpravo v popredí stojí muž s bicyklom. V pozadí je na ceste auto a povoz. V diaľke sú kopce 
650 0 7 |a budovy  |2 SNKPH  |9 1283 
650 0 7 |a ulice  |2 SNKPH  |9 2938 
650 0 7 |a školy  |2 SNKPH  |9 1276 
651 7 |a Humenné (Slovensko)  |2 SNKPHgeo  |9 19199 
655 7 |a miestne pohľadnice  |2 SNKPH  |9 70510 
852 |a Slovenská národná knižnica 
958 |a GBN 
958 |a GC 
958 |a ONDV 
999 |c 732639  |d 734569 
952 |a SNK  |b SNK  |y PREZ  |7 0  |p 17A1407708  |o snkSP 93564  |8 0  |z Pohľadnica prešla poštou.  |0 0  |1 0  |4 0  |d 2021-01-22  |f 1  |l 0  |r 2026-02-23 22:34:25  |w 2026-02-23